Подробности
| 000 -МАРКЕР |
| контрольное поле |
01106nam0a2200301 4500 |
| 001 - ИДЕНТИФИКАТОР ЗАПИСИ |
| контрольное поле |
RU\NLR\ONL2\4485 |
| 005 - ИДЕНТИФИКАТОР ВЕРСИИ |
| контрольное поле |
20250727040728.0 |
| 035 ## - ДРУГИЕ СИСТЕМНЫЕ НОМЕРА |
| Идентификатор записи |
(NLR Aleph) 009652083 |
| 100 ## - ДАННЫЕ ОБЩЕЙ ОБРАБОТКИ |
| Данные общей обработки |
20060117d1937 |||y0rusy50 ca |
| 101 0# - ЯЗЫК РЕСУРСА |
| Язык текста, звукозаписи и т.д. |
корякский |
| 102 ## - СТРАНА ПУБЛИКАЦИИ ИЛИ ПРОИЗВОДСТВА |
| Страна публикации |
российская федерация |
| 105 ## - ПОЛЕ КОДИРОВАННЫХ ДАННЫХ: ТЕКСТОВЫЕ МАТЕРИАЛЫ, МОНОГРАФИЧЕСКИЕ |
| Кодированные данные о монографическом текстовом документе |
a ||||||||| |
| 200 1# - ЗАГЛАВИЕ И СВЕДЕНИЯ ОБ ОТВЕТСТВЕННОСТИ |
| Основное заглавие |
Notajme |
| Первые сведения об ответственности |
Lev Zukov (Qaktьnnoken) |
| Последующие сведения об ответственности |
Ил. И. В. Вальтер |
| 210 ## - ПУБЛИКАЦИЯ, РАСПРОСТРАНЕНИЕ И ДР. |
| Место издания, распространения и т.д. |
М. |
| -- |
Л. |
| Имя издателя, распространителя и т. д. |
Детиздат |
| Дата издания, распространения и т.д. |
1937 |
| 215 ## - ФИЗИЧЕСКАЯ ХАРАКТЕРИСТИКА |
| Специфическое обозначение материала и объем |
98,[2] с. |
| Другие сведения о физической характеристике |
ил. |
| Размеры |
22 |
| 541 1# - ПЕРЕВОД ЗАГЛАВИЯ, СДЕЛАННЫЙ КАТАЛОГИЗАТОРОМ |
| Связь между полями |
z01790 |
| Заглавие |
Нотаймэ |
| Сведения, относящиеся к заглавию |
Ист. рассказ |
| Язык заглавия |
русский |
| 686 1# - ИНДЕКСЫ ДРУГИХ КЛАССИФИКАЦИЙ |
| Индекс |
Ш9(2)6=Кор-4 |
| 700 #1 - ИМЯ ЛИЦА - ПЕРВИЧНАЯ ОТВЕТСТВЕННОСТЬ |
| Код отношения |
Автор |
| Графика поля |
Латинская |
| Материалы, к которым относится поле |
rus |
| Начальный элемент ввода |
Žukov |
| Часть имени, кроме начального элемента ввода |
L. |
| Дополнения к именам, кроме дат |
писатель |
| Даты |
1915-1937 |
| Расширение инициалов личного имени |
Lev |
| Системный номер авторитетной/нормативной записи |
236860 |
| Идентификатор авторитетной/нормативной записи |
RU\NLR\AUTH\770236916 |
| 702 #1 - ИМЯ ЛИЦА - ВТОРИЧНАЯ ОТВЕТСТВЕННОСТЬ |
| Код отношения |
Иллюстратор |
| Графика поля |
Кириллица |
| Материалы, к которым относится поле |
rus |
| Начальный элемент ввода |
Вальтер |
| Часть имени, кроме начального элемента ввода |
И. В. |
| Даты |
1903-1993 |
| Расширение инициалов личного имени |
Ирина Владимировна |
| Системный номер авторитетной/нормативной записи |
223821 |
| Идентификатор авторитетной/нормативной записи |
RU\NLR\AUTH\770223877 |
| 790 #1 - ИМЯ ЛИЦА - АЛЬТЕРНАТИВНАЯ ФОРМА |
| Код отношения |
Автор |
| Графика поля |
Кириллица |
| Материалы, к которым относится поле |
rus |
| Начальный элемент ввода |
Жуков |
| Часть имени, кроме начального элемента ввода |
Л. |
| Дополнения к именам, кроме дат |
писатель |
| Даты |
1915-1937 |
| Расширение инициалов личного имени |
Лев |
| Системный номер авторитетной/нормативной записи |
236857 |
| Идентификатор авторитетной/нормативной записи |
RU\NLR\AUTH\770236913 |
| 801 #0 - ИСТОЧНИК ЗАПИСИ |
| Страна |
российская федерация |
| Организация |
NLR |
| Дата составления |
20060117 |
| Правила каталогизации |
PSBO |
| 852 ## - МЕСТОНАХОЖДЕНИЕ И ШИФР ХРАНЕНИЯ |
| Идентификатор организации |
NLR |
| Наименование фонда или коллекции (Sub-Location Identifier) |
ОНЛ |
| Шифр хранения (Call Number) |
Коряк./3-25 |
| 942 ## - ДОПОЛНИТЕЛЬНЫЕ ЭЛЕМЕНТЫ ЗАПИСИ (АБИС) |
| Тип экземпляра АБИС |
Книга |
| 980 ## - КОЛЛЕКЦИЯ |
| Название коллекции |
Национальная библиография |
| 980 ## - КОЛЛЕКЦИЯ |
| Название коллекции |
Каталог книг на языках народов РФ и стран СНГ |